Penang International Airport Destinations (Penang, Malaysia) - Statistics

General Stats
  • This quiz has been taken 82 times
    21 since last reset
  • The average score is 23 of 31
Answer Stats
Airline Destination % Correct
Thai AirAsia/Thai Lion Air Bangkok (Don Mueang)
100%
Firefly/Thai Airways International Bangkok (Suvarnabhumi)
100%
China Southern Airlines/Spring Airlines Guangzhou
100%
AirAsia/Batik Air Malaysia/Indonesia AirAsia/TransNusa Jakarta (Soekarno-Hatta)
100%
Sichuan Airlines Chengdu (Tianfu)
94%
Qatar Airways Doha
94%
flydubai Dubai (International)
94%
Cathay Pacific/HK Express Hong Kong
94%
AirAsia/Batik Air Malaysia/Firefly/Malaysia Airlines Kuala Lumpur (International)
94%
Batik Air Malaysia/Firefly Kuala Lumpur (Subang)
94%
AirAsia/Batik Air Malaysia/Firefly/Scoot/Singapore Airlines Singapore
94%
China Airlines/Starlux Airlines Taipei (Taoyuan)
94%
XiamenAir Xiamen
94%
Myanmar Airways International Yangon
94%
Chongqing Airlines/Firefly Chongqing
88%
Juneyao Air/Shanghai Airlines/Spring Airlines Shanghai (Pudong)
88%
IndiGo Chennai
81%
AirAsia Ho Chi Minh City
81%
AirAsia/Shenzhen Airlines Shenzhen
81%
AirAsia/Firefly Phuket
75%
Indonesia AirAsia Surabaya
75%
AirAsia Johor Bahru
56%
AirAsia/Firefly Kota Kinabalu
56%
Batik Air Malaysia/Indonesia AirAsia/Lion Air Medan
56%
AirAsia Kuching
44%
AirAsia/Firefly Langkawi
44%
Batik Air Malaysia Kunming
38%
9 Air Haikou
31%
Firefly Banda Aceh
19%
Firefly Kota Bharu
19%
Batik Air Malaysia Guiyang
13%
No matching quizzes found
Score Distribution
Percent of People with Each Score
Percentile by Number Answered
Your Score History
You have not taken this quiz since the last reset